|
|
|
|
| LEADER |
00000nab a2200000 a 4500 |
| 001 |
vtls000417878 |
| 003 |
SK-MaSNL |
| 005 |
20260302234918.0 |
| 008 |
131118c1991 xo 0 slo |
| 015 |
|
|
|a SNBRB19rr/mm-uuuuu
|
| 035 |
|
|
|a CL0418003
|
| 040 |
|
|
|a SNKBUCL
|b slo
|c SNKBUCL
|e AACR2
|
| 041 |
0 |
|
|a slo
|
| 044 |
|
|
|a xo
|c SK
|
| 080 |
|
|
|a 008(100=854)
|2 1981
|
| 080 |
|
|
|a 82(091)
|2 1981
|
| 080 |
|
|
|a 885.4 (100)
|2 1981
|
| 080 |
|
|
|a 885.4 (100)(091)
|2 1981
|
| 100 |
1 |
|
|a Petraško, Ľudovít,
|d 1949-
|4 aut
|9 89986
|
| 245 |
1 |
0 |
|a Rozlety a pristávanie
|b (Slovenská kultúra v diaspóre.)
|c Ľudovít Petraško
|
| 650 |
0 |
7 |
|a kultúra exilová slovenská
|2 snkbucl
|9 970844
|
| 650 |
0 |
7 |
|a literatúra exilová slovenská
|2 snkbucl
|9 900352
|
| 655 |
|
7 |
|a články z novín a časopisov
|2 snkbucl
|9 267496
|
| 655 |
|
7 |
|a články z odboru literárna veda a krásna literatúra
|2 snkbucl
|9 770045
|
| 773 |
0 |
|
|t Romboid
|g Roč. 26, č. 5 (1991), s. 3-10
|
| 850 |
|
|
|a Slovenská národná knižnica v Martine
|a MTA001
|
| 852 |
|
|
|a SNK
|b KIS3GCP
|
| 958 |
|
|
|a RK
|
| 958 |
|
|
|a LX
|
| 992 |
|
|
|a RBX
|
| 999 |
|
|
|c 1552513
|d 1554443
|